Philippines sanitaion sourcebook and decision aid : Water supply and sanitation performance enhancement project
The Sanitation Sourcebook, focusing the information about the low-cost sanitation technology options, aims to stimulate effective demand for sanitation services by presenting tools for strategic decision-making around a wider range of more affordable sanitation options. It also hopes to stimulate in...
Đã lưu trong:
| Nhiều tác giả của công ty: | , |
|---|---|
| 格式: | 图书 |
| 语言: | Undetermined |
| 出版: |
Jakarta 12190, Indonesia
The World Bank
2005
|
| 主题: | |
| 标签: |
添加标签
没有标签, 成为第一个标记此记录!
|
| Thư viện lưu trữ: | Trung tâm Học liệu Trường Đại học Cần Thơ |
|---|
| LEADER | 01269nam a2200217Ia 4500 | ||
|---|---|---|---|
| 001 | CTU_136420 | ||
| 008 | 210402s9999 xx 000 0 und d | ||
| 082 | |a 363.72 | ||
| 082 | |b W927 | ||
| 110 | |a The World Bank | ||
| 110 | |b The Water and Sanitation program - East Asia and the Pacific of the World Bank | ||
| 245 | 0 | |a Philippines sanitaion sourcebook and decision aid : | |
| 245 | 0 | |b Water supply and sanitation performance enhancement project | |
| 245 | 4 | |c The World Bank | |
| 260 | |a Jakarta 12190, Indonesia | ||
| 260 | |b The World Bank | ||
| 260 | |c 2005 | ||
| 520 | |a The Sanitation Sourcebook, focusing the information about the low-cost sanitation technology options, aims to stimulate effective demand for sanitation services by presenting tools for strategic decision-making around a wider range of more affordable sanitation options. It also hopes to stimulate informed investment decisions by local governments to ensure more sustainable outcomes. Thus, it features environment-friendly and affordable decentralized solutions. | ||
| 650 | |a Hệ thống cống rãnh, đô thị,Hệ thống vệ sinh, đô thị,Sewerage, urban,Sanitation, urban | ||
| 904 | |i Trong Hieu | ||
| 980 | |a Trung tâm Học liệu Trường Đại học Cần Thơ | ||